LEADER 01522nas a2200313 i 4500 001 000000219114 003 CaOOAMICUS 005 20130318000000.0 008 130305b2012 it uu u0 0mul r 013 $a198011 020 $a978-88-382-4210-6 040 $aSeMil$bita 245 14$aGli "Acta Ecclesiae Brixiensis" del vescovo Domenico Bollani /$ca cura di Simona Negruzzo. 260 $aVenetiis :$bApud Georgium Variscum,$ccopyr. 2012. 260 $aRoma :$bStudium,$ccopyr. 2012. 260 $aBrescia :$bAssociazione per la storia della Chiesa Bresciana,$ccopyr. 2012. 300 $aLIII, 345 p. ;$c24 cm. 500 $aContiene riproduzione anastatica dell'ed. : Venetiis : Apud Georgium Variscum, 1608. 700 1 $aNegruzzo, Simona.$0(OLS)http://semarc/name/21842 700 1 $aBollani, Domenico,$c.$0(OLS)http://semarc/name/73770 774 0 $t[vedi periodico].$w()278754 850 $aSeMil 852 $aSeMil$W1$xVenegono$y1$m204 5 83$j169483$B169483$CSeMilBibl$Z2$F180436 $85 961 $aCambio: Scuola Cattolica 996 $6020$a978-88-382-4210-6$9(OLS)http://semarc/number/217108 996 $6245$aGli "Acta Ecclesiae Brixiensis" del vescovo Domenico Bollani$9(OLS)http://semarc/title/314406 996 $6260$aVenetiis :$bApud Georgium Variscum$9(OLS)http://semarc/publisher/47943 996 $6260$aBrescia :$bAssociazione per la storia della Chiesa Bresciana$9(OLS)http://semarc/publisher/35147 996 $6260$aRoma :$bStudium$9(OLS)http://semarc/publisher/29617 LEADER 01040nam a2200253 i 4500 001 000000235533 003 CaOOAMICUS 005 20141110000000.0 008 141110s2006 it u000 u ita u 013 $a214437 040 $aSeMil$bita 100 1 $aBrera, Gianni,$d<1919-1992>.$0(OLS)http://semarc/name/58632 245 10$aFausto Coppi /$cGianni Brera ; con la prefazione di Gianni Mura. 260 $aRoma :$bLa Biblioteca di Repubblica,$c2006. 300 $a234 p. :$bill. ;$c22 cm. 490 0 $aBiografie del '900 ;$v20 600 14$aCoppi, Fausto <1919-1960>.$0(OLS)http://semarc/subject/47799 700 1 $aMura, Gianni.$0(OLS)http://semarc/name/53767 830 0$aBiografie del '900 ;$v20.$0(OLS)http://semarc/title/42061 850 $aSeMil 852 $aSeMil$W1$xVenegono$y1$m3V I 18$j185879$B185879$CSeMilBibl$Z2$F197955 $81 961 $aLascito: Serenthà don Mario 996 $6245$aFausto Coppi$9(OLS)http://semarc/title/335785 996 $6260$aRoma :$bLa Biblioteca di Repubblica$9(OLS)http://semarc/publisher/32010 LEADER 01092nam a2200229 i 4500 001 000000072176 003 CaOOAMICUS 005 20090219000000.0 008 090219s1983 it u000 u ita u 013 $a43348 040 $aSeMil$bita 100 1 $aGiurovich, Giancarlo.$0(OLS)http://semarc/name/35745 245 10$aF. M. Grimm :$bun intellettuale nell'epoca dei lumi /$cGiancarlo Giurovich. 260 $aUdine :$bLa nuova base,$c1983. 300 $a149 p. ;$c23 cm. 490 0 $aUniversità degli studi di Udine, Istituto di pedagogia e didattica delle lingue moderne ;$v4 600 14$aCrimm, Frédéric-Melchior <1723-1807>.$0(OLS)http://semarc/subject/14530 830 0$aUniversità degli studi di Udine, Istituto di pedagogia e didattica delle lingue moderne ;$v4.$0(OLS)http://semarc/title/27367 850 $aSeMil 852 $aSeMil$W1$xVenegono$y1$m2P V 417$j38329$B38329$CSeMilBibl$Z2$F38332 $81 996 $6245$aF. M. Grimm :$bun intellettuale nell'epoca dei lumi$9(OLS)http://semarc/title/116293 996 $6260$aUdine :$bLa nuova base$9(OLS)http://semarc/publisher/35239